Barbershop Polecat Program - Statistics

General Stats
  • This quiz has been taken 15 times
  • The average score is 5 of 14
Answer Stats
Hint Answer % Correct
Songs My Wild Irish Rose
71%
Songs (You're The Flower Of My Heart) Sweet Adeline
57%
Songs Down Our Way
43%
Songs Let Me Call You Sweetheart
43%
Songs The Story Of The Rose (Heart Of My Heart)
43%
Songs Down By The Old Mill Stream
29%
Songs Honey/Little 'Lize Medley
29%
Tags Ring, Ring The Banjo
29%
Songs Sweet And Lovely (That's What You Are To Me)
29%
Songs Sweet, Sweet Roses Of Morn
29%
Songs Wait Till The Sun Shines, Nellie
29%
Songs You Tell Me Your Dream
29%
Tags Give Me Your Hand
14%
Songs Shine On Me
14%
No matching quizzes found
Score Distribution
Percent of People with Each Score
Percentile by Number Answered
Your Score History
You have not taken this quiz